00732nam a2200241Ia 4500003000400000005001700004008004100021020001400062040000700076041000800083082002000091100002600111245003100137250000600168260004700174300001000221365001400231650002400245906004700269942001200316999001900328952014300347OSt20230502092934.0210423s2002 xx 000 0 und d a879696362 cAL aeng a574.87322 MICD aMICKLOS (D A).995658 aDNA science: first course. a2 aNew YorkbCambridge University Pressc2002 a-bPB b1974cINR aCell Biology995659 acourse. ; DNA ; first ; science ; science: 2ddccBK c162906d162906 001040708BTaSACPGbSACPGd2003-08-29eYashaswi Enterprisesg1974.00l0o574.87322 MICDpPG009400r2022-08-24 00:00:00w2021-04-26yBK